Statistics for Naselja otoka Hvara

Click here to take the quiz!

General Stats

  • This quiz has been taken 10 times
  • The average score is 17 of 28

Answer Stats

Grad/OpćinaNaselje% Correct
Stari GradDol
100%
HvarHvar
100%
JelsaJelsa
100%
Stari GradStari Grad
100%
SućurajSućuraj
100%
JelsaVrboska
100%
SućurajBogomolje
50%
HvarBrusje
50%
JelsaGdinj
50%
JelsaGromin Dolac
50%
JelsaHumac
50%
JelsaIvan Dolac
50%
HvarJagodna
50%
HvarMalo Grablje
50%
HvarMilna
50%
JelsaPitve
50%
JelsaPoljica
50%
Stari GradRudina (Mala i Vela)
50%
SućurajSelca (kod Bogomolja)
50%
Stari GradSelca (kod Starog Grada)
50%
JelsaSvirče
50%
HvarVelo Grablje
50%
Stari GradVrbanj
50%
JelsaVrisnik
50%
HvarZaraće
50%
JelsaZastražišće
50%
JelsaZavala
50%
HvarSveta Nedelja
0%

Score Distribution

Percentile by Number Answered

Percent of People with Each Score

Your Score History

You have not taken this quiz